000 00405pab a2200157 454500
008 180718b2011 xxu||||| |||| 00| 0 eng d
100 _aNegi, Rohit
245 _aUnderstanding Somali piracy: Globalisation, sovereignty, and justice
260 _c2011
300 _ap.35-37.
362 _a18 Jun
650 _aGlobalization
773 _aEconomic and Political Weekly
908 _aN
909 _a91872
999 _c91872
_d91872